| 000 | 00616nam a2200229Ia 4500 | ||
|---|---|---|---|
| 003 | OSt | ||
| 005 | 20221007064100.0 | ||
| 006 | a|||||r|||| 00| 0 | ||
| 007 | ta | ||
| 008 | 221006b |||||||| |||| 00| 0 eng d | ||
| 024 | _a25,636 | ||
| 037 | _cTextual | ||
| 040 |
_aFLL _cFLL _beng |
||
| 041 |
_2eng _aeng |
||
| 082 | _aZ1:92, E0 | ||
| 100 |
_aHiggins A. Pearce _9685250 |
||
| 245 | 0 | _aBinding force of international law | |
| 260 |
_aCambridge _bThe University Press London _c1910 |
||
| 300 |
_a1-48p _ccm. |
||
| 942 |
_hZ1:92, E0 _cTEXL _2CC |
||
| 999 |
_c1132944 _d1132944 |
||